Model of Sustainable Tourism in Slovakia
Definícia trvalo udržateľného cestovného ruchu, jeho dimenzie. Modely tvralo udržateľného cestovného ruchu na Slovensku. Účinky faktorov udržateľnosti cestovného ruchu v destináciách.
Salvato in:
| Autore principale: | |
|---|---|
| Altri autori: | |
| Natura: | Capitolo di libro |
| Lingua: | inglese |
| Soggetti: | |
| Tags: |
Nessun Tag, puoi essere il primo ad aggiungerne!!
|
MARC
| LEADER | 00000naa$a2200000$$$4500 | ||
|---|---|---|---|
| 001 | 0254465 | ||
| 005 | 20240502083727.3 | ||
| 041 | 0 | |a eng | |
| 044 | |a CZ | ||
| 245 | 1 | 0 | |a Model of Sustainable Tourism in Slovakia |c Laura Markovičová, Anna Michálková |
| 520 | |a Definícia trvalo udržateľného cestovného ruchu, jeho dimenzie. Modely tvralo udržateľného cestovného ruchu na Slovensku. Účinky faktorov udržateľnosti cestovného ruchu v destináciách. | ||
| 610 | 2 | 0 | |a ruch cestovný |
| 610 | 2 | 0 | |a rozvoj trvalo udržateľný |
| 610 | 2 | 0 | |a prostredie životné |
| 610 | 2 | 0 | |a manažment destinačný |
| 100 | 1 | |a Markovičová, Laura | |
| 700 | 1 | |a Michálková, Anna, 1968- | |